| 000 | 00722nam a22002055i 4500 | ||
|---|---|---|---|
| 001 | 160598 | ||
| 003 | ES-MaACL | ||
| 005 | 20250804062754.0 | ||
| 008 | 970612s1900 fr |||| | fre d | ||
| 040 |
_aAR _bspa _cAR |
||
| 100 | 1 |
_aNaville, Ernest, _d1816-1909 _985233 |
|
| 245 | 1 | 4 |
_aLes philosophies négatives / _cpar Ernest Naville. |
| 260 |
_aParis : _bFélix Alcan, _c1900 ( _eGenève : _fImprimerie W. Künding & fils) |
||
| 300 |
_a263 p. ; _c20 cm. |
||
| 490 | 1 | _aBibliothèque de philosophie contemporaine | |
| 650 | 0 | 7 |
_aFilosofía _2embne _912802 |
| 830 | 0 |
_aBibliothèque de philosophie contemporaine _9181027 |
|
| 852 |
_aES-MaACL _jB-6886 _z-- Enc. pasta española |
||
| 999 |
_c160598 _d160598 |
||